Dewey Decimal Classification, 301-307 Sociology (Record no. 8200)

MARC details
000 -LEADER
fixed length control field 00606nam a2200241 a 4500
020 ## - INTERNATIONAL STANDARD BOOK NUMBER
ISBN 0910608334
082 00 - DEWEY DECIMAL CLASSIFICATION NUMBER
Classification number 025.43
Author Cutter DEW1
100 ## - MAIN ENTRY--AUTHOR NAME
Author name Dewey, Melvil
245 ## - TITLE STATEMENT
Title Dewey Decimal Classification, 301-307 Sociology
260 ## - PUBLICATION, DISTRIBUTION, ETC. (IMPRINT)
Place of publication Albany, NY
Name of publisher Forest Press
Year of publication 1982
300 ## - PHYSICAL DESCRIPTION
Number of Pages 52p
500 ## - GENERAL NOTE
General note includes index and biblioraphy
505 2# - FORMATTED CONTENTS NOTE
Formatted contents note Index
942 ## - ADDED ENTRY ELEMENTS (KOHA)
Koha item type Books
700 1# -
-- J Phillip Comaromi
700 1# -
-- Margaret J Warren
Holdings
Collection code Home library Current library Date acquired Cost, normal purchase price Full call number Accession Number Koha item type
  Henry Martyn Institute Library Henry Martyn Institute Library 05/24/2005 0.00 025.43 DEW1 014683 Books
                   Copyright © 2026 | Henry Martyn Institute | Hyderabad | TS-500052 | INDIA | Implemented by hmi.edu.in
Hit-Count:

Powered by Koha